[Event "Regionalliga NW9596"]
[Site "Bayern"]
[Date "1995.??.??"]
[Round "?"]
[White "Horther, Heinrich"]
[Black "Graef, Steffen"]
[Result "1/2-1/2"]
[WhiteElo "2120"]
[BlackElo "2005"]

1.e4 c5 2.c3 Nf6 3.e5 Nd5 4.d4 cxd4 5.cxd4 b6 6.Nf3 e6 7.Nc3 Nxc3 8.bxc3 Qc7
9.Bd2 Bb7 10.Bd3 d6 11.O-O Nd7 12.Qe2 dxe5 13.Nxe5 Nxe5 14.dxe5 Bc5 15.Bb5+ Bc6
16.Qe4 Rc8 17.Bxc6+ Qxc6 18.Qg4 Bf8 19.Rfd1 Qc4 20.Qg3 g6 21.Bg5 Bg7 22.Rd4 Qc5
23.Bf6 O-O 24.Rad1 Qxc3 25.Qf4 Qc2 26.Bxg7 Kxg7 27.Qf6+ Kg8 28.h4 h5 29.Rd7 Rc7
30.Rd8 Rc8 31.R8d7 Rc7 32.Rd8 Rc8  1/2-1/2

[Event "Regionalliga SW9596"]
[Site "Bayern"]
[Date "1995.??.??"]
[Round "?"]
[White "Froehlich, Rainer"]
[Black "Antemia, Paul"]
[Result "1-0"]
[WhiteElo "2015"]
[BlackElo "2130"]

1.e4 c5 2.c3 Nf6 3.e5 Nd5 4.d4 d6 5.dxc5 dxc5 6.Bc4 e6 7.Nf3 Be7 8.O-O Nc6
9.a4 O-O 10.Qe2 Qc7 11.Na3 a6 12.Bd3 g6 13.Bh6 Re8 14.h4 f6 15.exf6 Bxf6
16.Qe4 Nde7 17.h5 Nf5 18.Bf4 Qg7 19.hxg6 hxg6 20.g4 e5 21.Bh2 Nd6 22.Qxg6 Bxg4
23.Qxg7+ Kxg7 24.Nd2 Rad8 25.Ne4 Nxe4 26.Bxe4 Be2 27.Rfe1 Rd2 28.Bg3 c4 29.Kg2 Na5
30.Rh1 Rh8 31.Rxh8 Kxh8 32.Rh1+ Kg8 33.Rh6 Kg7 34.Rh7+ Kg8 35.Rh6 Rd6 36.f4 Bd3
37.Kf3 exf4 38.Bxf4 Bxe4+ 39.Kxe4 Rc6 40.Rh5 Nb3 41.Be3 Be7 42.Nc2 Rd6 43.Rd5 Re6+
44.Re5 Kf7 45.Kd5 Rc6 46.Ke4 Bf6 47.Rd5 Re6+ 48.Kf5 Be7 49.Rd7 b6 50.Rb7 Rf6+
51.Kg4 Rg6+ 52.Kf3 Rf6+ 53.Ke2 Rg6 54.Kf1 Rf6+ 55.Kg2 Rg6+ 56.Kh1 Nc5 57.Bxc5 bxc5
58.Ne3 Ke8 59.Nxc4 Rg4 60.Rb8+ Kd7 61.Ne5+  1-0

[Event "Regionalliga SO9596"]
[Site "Bayern"]
[Date "1995.??.??"]
[Round "?"]
[White "Marian, Marc"]
[Black "Doerfler, Guenther"]
[Result "1/2-1/2"]
[WhiteElo "2040"]
[BlackElo "2035"]

1.e4 c5 2.c3 Nf6 3.e5 Nd5 4.d4 cxd4 5.Nf3 Nc6 6.cxd4 d6 7.Bc4 Nb6 8.Bb5 dxe5
9.Nxe5 Bd7 10.Nxc6 Bxc6 11.Bxc6+ bxc6 12.O-O  1/2-1/2

[Event "Regionalliga SW9495"]
[Site "Bayern"]
[Date "1995.??.??"]
[Round "6"]
[White "Froehlich, Rainer"]
[Black "Habermann, Jochen"]
[Result "0-1"]
[WhiteElo "1935"]
[BlackElo "1825"]

1.e4 c5 2.c3 Nf6 3.e5 Nd5 4.d4 cxd4 5.Qxd4 e6 6.Nf3 Nc6 7.Qe4 d6 8.Bb5 Bd7
9.exd6 Bxd6 10.O-O O-O 11.c4 Nf6 12.Qe2 Qc7 13.Nc3 a6 14.Ba4 Ng4 15.h3 Nge5
16.Nxe5 Nxe5 17.Bxd7 Nxd7 18.Bd2 Rac8 19.b3 Rfd8 20.Rad1 Nf8 21.Ne4 Be7 22.Be3 Ng6
23.f4 Rxd1 24.Qxd1 Rd8 25.Qe2 Qc6 26.Ng5 h6 27.Nf3 Qe4 28.Qf2 Bf6 29.Bb6 Rd7
30.g3 Bc3 31.Qg2 Ne7 32.Ne5 Qxg2+ 33.Kxg2 Bxe5 34.fxe5 Nc6 35.Re1 Rd2+ 36.Kf3 Rxa2
37.Re3 Rb2 38.Ke4 Kh7 39.Bd4 Rb1 40.g4 Kg6 41.Bb6 Kg5 42.Rd3 Kg6 43.Re3 Rf1
44.Rd3 Re1+ 45.Be3 Nb4 46.Rc3 Re2 47.Kf3 Rh2 48.Kg3 Rc2 49.Bd4 Rxc3+ 50.Bxc3 Nc6
51.h4 h5 52.Kf4 hxg4 53.Kxg4 Ne7 54.h5+ Kh7 55.Kg5 Nc6 56.b4 Nb8 57.b5 axb5
58.cxb5 Nd7 59.Bd4 Nf8 60.Bc5 Nd7 61.Bd4 Kg8 62.h6 gxh6+ 63.Kxh6 Kf8 64.Kh7 Ke8
65.Kg7 Nf8 66.Bc3 Ng6 67.Bd4 Nh4 68.Kg8 Nf5 69.Bc5 Ne7+ 70.Bxe7 Kxe7 71.Kg7 b6
72.Kh6 f6 73.exf6+ Kxf6 74.Kh5 Kf5 75.Kh4 Kf4 76.Kh3 Kf3 77.Kh2 e5 78.Kg1 e4
79.Kf1 e3  0-1

[Event "Tan Cup"]
[Site "Beijing"]
[Date "1995.??.??"]
[Round "1"]
[White "Boensch, Uwe"]
[Black "Wang Zili"]
[Result "1-0"]
[WhiteElo "2560"]
[BlackElo "2525"]

1.e4 c5 2.c3 Nf6 3.e5 Nd5 4.d4 cxd4 5.Qxd4 e6 6.Nf3 Nc6 7.Qe4 d6 8.Nbd2 dxe5
9.Nxe5 Nxe5 10.Qxe5 Qc7 11.Nf3 Qxe5+ 12.Nxe5 Bd6 13.Nc4 Bc7 14.g3 Bd7 15.Bg2 Bb5
16.Ne3 Nxe3 17.Bxe3 O-O-O 18.Bxa7 b6 19.a4 Ba6 20.a5 bxa5 21.Be3 f5 22.Bf3 h6
23.Be2 Bxe2 24.Kxe2 g5 25.Ra4 e5 26.h4 f4 27.gxf4 gxf4 28.Bc5 Rd5 29.Rc4 Kb7
30.b4 a4 31.Ra1 Ra8 32.Ra3 h5 33.Kf3 Rd3+ 34.Ke4 Rh3 35.Be7 Rh2 36.Ra2 a3
37.Bf6 Rxf2 38.Rxf2 a2 39.Rxc7+ Kxc7 40.Bxe5+  1-0

[Event "Lee Cup"]
[Site "Beijing"]
[Date "1995.??.??"]
[Round "5"]
[White "Tong Yuanming"]
[Black "Wang Zili"]
[Result "1/2-1/2"]
[WhiteElo "2485"]
[BlackElo "2525"]

1.e4 c5 2.c3 Nf6 3.e5 Nd5 4.d4 cxd4 5.cxd4 Nc6 6.Bc4 Nb6 7.Bb3 d5 8.Ne2 Bf5
9.Nbc3 e6 10.O-O Rc8 11.Ng3 Bg6 12.Be3 Bb4 13.Nce2 O-O 14.Nf4 Na5  1/2-1/2

[Event "Lee Cup"]
[Site "Beijing"]
[Date "1995.??.??"]
[Round "5"]
[White "Yin Hao"]
[Black "Liang Jinrong"]
[Result "1/2-1/2"]
[WhiteElo "2350"]
[BlackElo "2450"]

1.e4 c5 2.c3 Nf6 3.e5 Nd5 4.d4 cxd4 5.cxd4 d6 6.exd6 Qxd6 7.Nc3 Nc6 8.Nf3 Bg4
9.Be2 e6 10.O-O Be7 11.h3 Bh5 12.Qb3 O-O 13.Nxd5 Qxd5 14.Qxd5 exd5 15.Be3 Rac8
16.Rac1 h6 17.Rfd1  1/2-1/2

[Event "Lee Cup"]
[Site "Beijing"]
[Date "1995.??.??"]
[Round "7"]
[White "Tong Yuanming"]
[Black "Alterman, Boris"]
[Result "0-1"]
[WhiteElo "2485"]
[BlackElo "2595"]

1.e4 c5 2.c3 Nf6 3.e5 Nd5 4.d4 cxd4 5.cxd4 d6 6.Bc4 Nb6 7.Bb3 dxe5 8.Qh5 e6
9.dxe5 Nc6 10.Nf3 Qd3 11.Nc3 Bb4 12.Bd2 Na5 13.O-O-O Nxb3+ 14.axb3 Bd7 15.Qh4 Bxc3
16.Bxc3 Qg6 17.Nd2 O-O 18.Ne4 Bc6 19.Nd6 a5 20.Rhe1 a4 21.b4 a3 22.bxa3 Rxa3
23.Kb2 Ra2+  0-1

[Event "Lee Cup"]
[Site "Beijing"]
[Date "1995.??.??"]
[Round "8"]
[White "Wang Wenhao"]
[Black "Zhang Weida"]
[Result "1/2-1/2"]
[WhiteElo "2350"]
[BlackElo "2300"]

1.e4 c5 2.c3 Nf6 3.e5 Nd5 4.g3 d6 5.exd6 Qxd6 6.Bg2 Nc6 7.Nf3 Bf5 8.O-O Bd3
9.Re1 h6 10.Na3 e6 11.Qb3 Be7 12.Nc4 Bxc4 13.Qxc4 O-O 14.d4 cxd4 15.Nxd4 Nb6
16.Qb5 Nxd4 17.cxd4 Qxd4 18.Bxb7 Rab8 19.Qa6 Bb4 20.Re4 Qd1+ 21.Qf1 Qxf1+
22.Kxf1 Be7 23.Ba6 Nd5 24.a3 Bf6 25.Ra2 Rb6 26.Bd3 Rc8 27.Rc4 Rd8 28.Ke2 a5
29.Rc2 Rdb8 30.h4 h5 31.Kf1 Kf8 32.Rc5 a4 33.Rc4 Bxb2 34.Bxb2 Rxb2 35.Rxb2 Rxb2
36.Rxa4 Ke7 37.Ra7+ Kf6 38.a4 Ra2 39.Bb5 Nc3 40.Be8 Ke5 41.Rxf7 Ne4 42.Rf4 Nf6
43.Bc6 Kd6 44.Bf3 e5 45.Rb4 Kc5 46.Rb5+ Kd4 47.a5 Ra1+ 48.Kg2 Ra2 49.Bd1 Ra1
50.Bb3 Ra3 51.Be6 Ra1 52.Rb7 Rxa5 53.Rxg7 Ra6 54.Bf5 e4 55.Re7 Ra5 56.Bc8 Ra2
57.Bb7 Rb2 58.Bc6 Ng4 59.Rxe4+ Kc5 60.Rxg4 hxg4 61.Bd7 Rb4 62.h5 Kd6  1/2-1/2

[Event "Lee Cup"]
[Site "Beijing"]
[Date "1995.??.??"]
[Round "9"]
[White "Qi Jingxuan"]
[Black "Wu Shaobin"]
[Result "1/2-1/2"]
[WhiteElo "2390"]
[BlackElo "2430"]

1.e4 c5 2.c3 Nf6 3.e5 Nd5 4.Nf3 Nc6 5.Bc4 Nb6 6.Bb3 c4 7.Bc2 d6 8.exd6 Qxd6
9.d4 cxd3 10.Qxd3 Qxd3 11.Bxd3 g6 12.O-O Bg7 13.Re1 O-O 14.Bb5 Bg4 15.Nbd2 Rfe8
16.h3 Be6 17.Ng5 Bd7 18.Nc4 Nxc4 19.Bxc4 Rf8 20.Bf4 h6 21.Nf3 Rfd8 22.Rad1 Be8
23.Bb5 Kf8 24.Be3 Rxd1 25.Rxd1 b6 26.Ba6 e5 27.Ne1 Ke7 28.Nc2 f5 29.f4 Rd8
30.Rxd8 Kxd8 31.fxe5 Bf7 32.Nd4 Nxe5 33.b3 Kd7 34.Bf4 Bd5 35.Bb5+ Nc6 36.Ne2 g5
37.Bd2 Kc7 38.Bd3 f4 39.Bf5 a5 40.c4 Bf7 41.Nc3 Nb4 42.Nb5+ Kc6 43.Be4+ Kd7
44.Bb1 Na6 45.Kf1 Nc5 46.Be1 Be5 47.Bf2 h5 48.Nd4 Be8 49.Ke2 Ke7 50.Bf5 Kf6
51.Bc2 Bg6 52.Bxg6 Kxg6 53.a3 g4 54.hxg4 hxg4 55.b4 axb4 56.axb4 Ne4 57.Nc6 Bc7
58.Ne7+ Kg5 59.Be1 Bd8 60.Kd3 Bxe7 61.Kxe4 f3 62.gxf3 gxf3 63.Kxf3 Kf5 64.Bc3 Ke6
65.Ke4 Bf8 66.b5 Kd7 67.Be5 Kc8 68.Kd5 Kb7  1/2-1/2

[Event "Berliner Sommer"]
[Site "Berlin"]
[Date "1995.??.??"]
[Round "2"]
[White "Lueber, R."]
[Black "Levin, Felix"]
[Result "0-1"]
[WhiteElo "1875"]
[BlackElo "2490"]

1.e4 c5 2.c3 Nf6 3.e5 Nd5 4.d4 cxd4 5.cxd4 d6 6.Bc4 Nb6 7.Bb3 dxe5 8.dxe5 Qxd1+
9.Bxd1 Nc6 10.f4 Bf5 11.Ne2 e6 12.O-O Nb4 13.a3 Nd3 14.Bc2 Bc5+ 15.Kh1 Nf2+
16.Rxf2 Bxf2 17.Bxf5 exf5 18.b4 Rd8 19.Nbc3 Nc4 20.g3 a6 21.Ra2 O-O  0-1

[Event "Berliner Sommer"]
[Site "Berlin"]
[Date "1995.??.??"]
[Round "3"]
[White "Kviriashvili, Ioseb"]
[Black "Gutman, Lev"]
[Result "0-1"]
[WhiteElo "2270"]
[BlackElo "2470"]

1.e4 c5 2.c3 Nf6 3.e5 Nd5 4.d4 cxd4 5.Nf3 d6 6.Qxd4 e6 7.exd6 Nc6 8.Bb5 Qxd6
9.Ne5 f6 10.Nxc6 bxc6 11.Be2 Be7 12.O-O O-O 13.c4 Nb4 14.Qc3 c5 15.Na3 a6
16.Nc2 Nc6 17.Rd1 Qc7 18.Qg3 Qxg3 19.hxg3 Rb8 20.b3 a5 21.Bd2 a4 22.bxa4 Ra8
23.Bf3 Bd7 24.Bf4 Be8 25.Bd6 Ra7 26.Rab1 Bxd6 27.Rxd6 Ne5 28.Rxe6 Bf7 29.Reb6 Bxc4
30.Ne3 Bxa2 31.Ra1 Nxf3+ 32.gxf3 Rxa4 33.Rc6 Bd5 34.Rxa4 Bxc6 35.Rc4 Bxf3
36.Rxc5 Rb8 37.g4 Rb4 38.Rc8+ Kf7 39.Rc7+ Kg6 40.Kh2 Bxg4 41.Nd5 Rd4 42.Ne7+ Kg5  0-1

[Event "Berliner Sommer"]
[Site "Berlin"]
[Date "1995.??.??"]
[Round "4"]
[White "Klueners, Juergen"]
[Black "Levin, Felix"]
[Result "0-1"]
[WhiteElo "2185"]
[BlackElo "2490"]

1.e4 c5 2.c3 Nf6 3.e5 Nd5 4.d4 cxd4 5.Nf3 d6 6.Qxd4 e6 7.exd6 Nc6 8.Qe4 Bxd6
9.Nbd2 f5 10.Qc2 O-O 11.Nc4 Bc7 12.Bd2 Qe7 13.O-O-O Nf6 14.Ng5 h6 15.Nh3 e5
16.f3 Be6 17.Nf2 Qf7 18.b3 a5 19.Nb2 Bb6 20.Be1 Nd5 21.Nc4 Bc7 22.Bd2 a4
23.Re1 axb3 24.axb3 b5 25.Ne3 Ra1+ 26.Kb2 Rxe1 27.Nxd5 Rxf1 28.Nxc7 Rxf2  0-1

[Event "Bern op"]
[Site "Bern"]
[Date "1995.??.??"]
[Round "7"]
[White "Kindermann, Stefan"]
[Black "Spraggett, Kevin"]
[Result "1/2-1/2"]
[WhiteElo "2585"]
[BlackElo "2520"]

1.e4 c5 2.c3 Nf6 3.e5 Nd5 4.Nf3 e6 5.Bc4 d6 6.d4 cxd4 7.cxd4 Nc6 8.O-O Nb6
9.Bd3 Nb4 10.Bb5+ Bd7 11.Bg5 Be7 12.Bxe7 Qxe7 13.Nc3 dxe5 14.dxe5 O-O 15.Qb3 N4d5
16.Ne4 Bxb5 17.Qxb5 Rfc8 18.Rac1 Qd7 19.Qxd7  1/2-1/2

[Event "Bern op"]
[Site "Bern"]
[Date "1995.??.??"]
[Round "8"]
[White "Bischoff, Peter"]
[Black "Cramling, Pia"]
[Result "0-1"]
[WhiteElo "2215"]
[BlackElo "2520"]

1.e4 c5 2.c3 Nf6 3.e5 Nd5 4.d4 cxd4 5.Nf3 e6 6.cxd4 d6 7.Nc3 Nxc3 8.bxc3 Qc7
9.exd6 Bxd6 10.Qc2 b6 11.Bb5+ Nd7 12.O-O O-O 13.Bd3 h6 14.Bd2 Bb7 15.Be4 Nf6
16.Bxb7 Qxb7 17.Rfe1 Rac8 18.Qd3 Nd7 19.c4 Qa6 20.Ne5 Bxe5 21.dxe5 Nc5 22.Qg3 Kh7
23.Qh4 Qa3 24.g4 Qd3 25.Rad1 Qxc4 26.Qh3 Nd3 27.g5 Nxe1 28.gxh6 Qd3 29.Be3 Qg6+  0-1

[Event "Biel op"]
[Site "Biel"]
[Date "1995.??.??"]
[Round "10"]
[White "Finkel, Alexander"]
[Black "Portisch, Lajos"]
[Result "1/2-1/2"]
[WhiteElo "2490"]
[BlackElo "2615"]

1.e4 c5 2.c3 Nf6 3.e5 Nd5 4.g3 d6 5.exd6 Qxd6 6.Bg2 Nc6 7.Ne2 Bg4 8.h3 Bh5
9.O-O e6 10.d4 Rd8 11.g4 Bg6 12.Na3 Qd7 13.c4 Nb6 14.d5 exd5 15.cxd5 Nb4
16.Nf4 Be7 17.h4 Bxh4 18.Re1+ Be7 19.Nxg6 hxg6 20.Bg5 f6 21.Bf4 Kf8 22.Qf3 c4
23.Re4 Nd3 24.Nxc4 Nxf4 25.Rxf4 Qxd5 26.Qxd5 Nxd5 27.Rd4 Nb6 28.Rxd8+ Bxd8
29.Nxb6 Bxb6 30.Rc1 Ke7 31.Bxb7 Rd8 32.Rc2 Bd4 33.Bf3 f5 34.Kg2 Kf6 35.b3 Kg5
36.Be2 Kf4 37.Bf3 fxg4 38.Bc6  1/2-1/2

[Event "Biel Credis op"]
[Site "Biel"]
[Date "1995.??.??"]
[Round "12"]
[White "Veroci, Zsuzsa"]
[Black "Bacrot, Etienne"]
[Result "1/2-1/2"]
[WhiteElo "2315"]
[BlackElo "2395"]

1.e4 c5 2.c3 Nf6 3.e5 Nd5 4.Nf3 Nc6 5.Bc4 Nb6 6.Be2 d5 7.exd6 Qxd6 8.O-O g6
9.d3 Bg7 10.Na3 Nd5 11.d4 cxd4 12.Nb5 Qd8 13.Nbxd4 O-O 14.Nxc6 bxc6 15.c4 Nc7
16.Qa4 Bb7 17.Be3 Ne6 18.Rad1 Qc7 19.Nd4 Bxd4 20.Bxd4 Nf4 21.Bf3 c5 22.Be5 Qxe5
23.Bxb7 Ne2+ 24.Kh1 Rab8 25.Rd7 Qxb2 26.Qxa7 e6 27.Bf3 Nd4 28.Qxc5 Nxf3 29.gxf3 Rbc8
30.Rc7 Rxc7 31.Qxc7 Qxa2 32.Kg2 Qa6 33.Rd1 Qc8 34.Qf4 Qc6 35.Qe4 Qc7 36.Rc1 Qc5
37.Rd1 Rc8 38.f4 Qxc4 39.Rd8+ Kg7 40.Qe5+ f6 41.Rxc8 Qxc8 42.Qd6 Kf7 43.Kg3 Qe8
44.Kg2 Qe7 45.Qb8 h6 46.h3 g5 47.fxg5 hxg5 48.Qh8 Kg6 49.h4 Qb7+ 50.Kg1 Qb1+
51.Kh2 Qe1 52.h5+ Kf5 53.Kg2 Kg4 54.Qxf6 Kxh5 55.Qf7+ Kh6  1/2-1/2

[Event "DLM"]
[Site "Binz"]
[Date "1995.??.??"]
[Round "1"]
[White "Voigt, Ulrich"]
[Black "Jugelt, Tobias"]
[Result "0-1"]
[WhiteElo "2225"]
[BlackElo "2280"]

1.e4 c5 2.c3 Nf6 3.e5 Nd5 4.d4 cxd4 5.cxd4 d6 6.exd6 Qxd6 7.Nf3 Nc6 8.Nc3 g6
9.Be2 Bg7 10.O-O O-O 11.Qb3 Be6 12.Rd1 Nxc3 13.Qxc3 Rac8 14.Bg5 Bd5 15.Rac1 Nxd4
16.Qxc8 Nxe2+ 17.Kh1 Nxc1 18.Qxc1 e6 19.Bh6 Qe7 20.Bxg7 Kxg7 21.Ne5 h5 22.Qe3 Rd8
23.Rd4 Bxa2 24.h3 Rxd4 25.Qxd4 Qf6 26.f4 Bd5 27.Kh2 h4 28.g4 hxg3+ 29.Kxg3 a6
30.h4 Kh7 31.Qa4 Qe7 32.Qc2 Kg7 33.Qc3 Qf6 34.Qd4 b5 35.Qa7 Qf5 36.Qd4 Qe4
37.Qf2 b4 38.h5 gxh5 39.Kh4 Qh1+ 40.Kg3 f5 41.Qa7+ Bb7 42.Qd4 h4+ 43.Kf2 Qg2+
44.Ke1 Qe4+  0-1

[Event "DLM"]
[Site "Binz"]
[Date "1995.??.??"]
[Round "3"]
[White "Voigt, Ulrich"]
[Black "Parulava, Temur"]
[Result "1-0"]
[WhiteElo "2225"]
[BlackElo "2285"]

1.e4 c5 2.c3 Nf6 3.e5 Nd5 4.Nf3 d6 5.d4 cxd4 6.cxd4 Nc6 7.Nc3 Nxc3 8.bxc3 Bg4
9.h3 Bxf3 10.Qxf3 dxe5 11.Rb1 a6 12.Rxb7 Na5 13.Bc4 f6 14.Be6 Qd6 15.Rb6 Qd8
16.Ba3 Ra7 17.Bc5 exd4 18.cxd4 g6 19.O-O  1-0

[Event "DLM"]
[Site "Binz"]
[Date "1995.??.??"]
[Round "3"]
[White "Proehl, Holger"]
[Black "Jugelt, Tobias"]
[Result "1-0"]
[WhiteElo "2365"]
[BlackElo "2280"]

1.e4 c5 2.c3 Nf6 3.e5 Nd5 4.g3 d6 5.exd6 e6 6.Bg2 Bxd6 7.Nf3 O-O 8.O-O Nc6
9.d4 Bd7 10.dxc5 Bxc5 11.Nbd2 Nf6 12.Nb3 Be7 13.Qe2 Qc7 14.Bf4 Bd6 15.Bg5 Rfd8
16.Rad1 Be8 17.Rfe1 Be7 18.Nfd4 Nxd4 19.Nxd4 Qb6 20.Nf5 Bf8 21.Rxd8 Rxd8
22.Nh6+ Kh8 23.Ng4 Be7 24.Nxf6 Bxf6 25.Bxf6 gxf6 26.b3 Bc6 27.Rd1 Rxd1+ 28.Qxd1 Bxg2
29.Kxg2 a6 30.Qd7 Kg7 31.h4 Kg6 32.Kf3 Kg7 33.c4 Qb4 34.Ke2 Qb6 35.Qd3 Qc5
36.Qc3 Qc6 37.b4 Qe4+ 38.Kd2 Qf5 39.Ke3 Qb1 40.a3 Qh1 41.c5 Qc6 42.Qd3 Qa4
43.Kf3 Qc6+ 44.Qe4 Qb5 45.Kg2 Kg8 46.Kg1 Kg7 47.h5 h6 48.Qg4+ Kf8 49.Qf4 Kg7
50.Qe4 Kf8 51.a4 Qd7 52.Qf3 Kg7 53.Kg2 Qc7 54.b5 axb5 55.axb5 Qxc5 56.Qxb7 Qxh5
57.Qc6 Qf5 58.b6 Qb1 59.b7 Qb3 60.Qa6 h5 61.Qa7  1-0

[Event "GER-ch"]
[Site "Binz"]
[Date "1995.??.??"]
[Round "4"]
[White "Rabiega, Robert"]
[Black "Mainka, Romuald"]
[Result "1/2-1/2"]
[WhiteElo "2470"]
[BlackElo "2530"]

1.e4 c5 2.c3 Nf6 3.e5 Nd5 4.d4 cxd4 5.Nf3 Nc6 6.Bc4 Nb6 7.Bb3 d5 8.exd6 Qxd6
9.O-O Be6 10.Na3 Bxb3 11.Qxb3 e6 12.Nb5 Qd7 13.Nbxd4 Nxd4 14.Nxd4 Bc5 15.Be3 Rc8
16.Rfd1 Qa4 17.Qb5+ Qxb5 18.Nxb5 Nc4  1/2-1/2

[Event "GER-ch"]
[Site "Binz"]
[Date "1995.??.??"]
[Round "4"]
[White "Boehnisch, Manfred"]
[Black "Enders, Peter"]
[Result "0-1"]
[WhiteElo "2315"]
[BlackElo "2470"]

1.e4 c5 2.c3 Nf6 3.e5 Nd5 4.Nf3 Nc6 5.Bc4 Nb6 6.Be2 d6 7.exd6 Qxd6 8.Na3 e5
9.d4 cxd4 10.cxd4 e4 11.Nb5 Qe7 12.Ng5 h6 13.Nxe4 Qxe4 14.O-O Kd8 15.Bd3 Qg4
16.f3 Qh4 17.g3 Qf6 18.Bf4 Nd5 19.Be5 Nxe5 20.dxe5 Qb6+ 21.Kh1 a6 22.Bc4 axb5
23.Qxd5+ Kc7 24.Qxf7+ Kb8 25.Bd5 Qc7 26.Qf4 Ra4 27.Qe3 Qc5 28.Qxc5 Bxc5 29.Bf7 Rd8
30.Rac1 Be7 31.Rc3 Bh3 32.Rfc1 Rad4 33.Bb3 Rd2 34.Rc7 Re2 35.Be6 Bxe6  0-1

[Event "GER-ch"]
[Site "Binz"]
[Date "1995.??.??"]
[Round "6"]
[White "Rabiega, Robert"]
[Black "Enders, Peter"]
[Result "1-0"]
[WhiteElo "2470"]
[BlackElo "2470"]

1.e4 c5 2.c3 Nf6 3.e5 Nd5 4.d4 cxd4 5.Nf3 Nc6 6.Bc4 Nb6 7.Bb3 d5 8.exd6 Qxd6
9.O-O Be6 10.Na3 Rc8 11.Nb5 Qd7 12.Bxe6 Qxe6 13.Nfxd4 Qd5 14.Qb3 Nxd4 15.Nxd4 e6
16.Rd1 Be7 17.Be3 O-O 18.Nb5 Qxb3 19.axb3 Nd5 20.Bxa7 Rfd8 21.c4 Nf6 22.Rxd8+ Rxd8
23.Bb6 Rd2 24.Ra8+ Bf8 25.g3 Rxb2 26.Bc5 Nd7 27.Bd6  1-0

[Event "Bled op"]
[Site "Bled"]
[Date "1995.??.??"]
[Round "1"]
[White "Praznik, Anton"]
[Black "Zontakh, Andrey"]
[Result "1/2-1/2"]
[WhiteElo "2265"]
[BlackElo "2460"]

1.e4 c5 2.c3 Nf6 3.e5 Nd5 4.d4 cxd4 5.Nf3 Nc6 6.Bc4 Nb6 7.Bb3 d5 8.exd6 Qxd6
9.Na3 a6 10.cxd4 e6 11.O-O Be7 12.Be3 O-O 13.Ne5 Nb4 14.Qh5 N6d5 15.Nac4 Qd8
16.a3 Nf6 17.Qh3 Nbd5 18.Bc2 Bd7 19.Nxd7 Qxd7 20.Ne5 Qd6 21.Bg5 Rac8 22.Bd3 g6
23.Rad1 Nd7 24.Bh6 Rfe8 25.Rfe1 Nxe5 26.dxe5 Qb6 27.Rd2 Red8 28.Qg4 Qb3 29.Red1 Bf8
30.Bg5 Re8 31.h4 Bg7 32.Qe4 h6 33.Be3 Nxe3 34.Qxe3 Qa4 35.g3 Qa5 36.f4 Red8
37.Be4 Rxd2 38.Qxd2 Qb6+ 39.Kg2 Bf8 40.h5 gxh5 41.Qe2 Rc7 42.Kh3 Qb5 43.Qxh5 Qe8
44.Qg4+ Bg7 45.Qh4 Rd7 46.Rc1 a5 47.Qg4 Qd8 48.Qf3 b6 49.b4 Rc7 50.Bc6 axb4
51.axb4 Qe7 52.b5 Rc8 53.Qe3 Qc7 54.Rc2 Qb8 55.Ra2 Qc7 56.Ra6 Rb8 57.Qd4 Bf8
58.Qa4 Qd8 59.Qe4 Qd1 60.Qf3 Qxf3 61.Bxf3 Bc5 62.Ra7 Re8 63.Bc6 Re7 64.Ra8+ Kg7
65.Kg4 f6 66.exf6+ Kxf6 67.Rf8+ Kg7 68.Re8  1/2-1/2

[Event "Bled Seniors"]
[Site "Bled"]
[Date "1995.??.??"]
[Round "2"]
[White "Vavpetic, Vide"]
[Black "Stoeckl, Ernst"]
[Result "1-0"]
[WhiteElo "2255"]
[BlackElo "2095"]

1.e4 c5 2.c3 Nf6 3.e5 Nd5 4.d4 cxd4 5.Qxd4 e6 6.Bc4 Nb6 7.Bb3 Nc6 8.Qe4 d6
9.exd6 Bxd6 10.Nf3 Qc7 11.O-O Nd7 12.Na3 Nf6 13.Qh4 a6 14.Nc4 Be7 15.Bf4 Nd5
16.Bxc7 Bxh4 17.Nd6+ Kd7 18.Bxd5 exd5 19.Nxf7 Rf8 20.Bb6 Bf6 21.N7g5 Bxg5
22.Nxg5 h6 23.Nf3 Kd6 24.b4 Rf6 25.Rfe1 Bg4 26.Bc5+ Kc7 27.Ne5 Be6 28.Nxc6 Kxc6
29.Bd4 Rg6 30.Re3 Re8 31.Rae1 Kd7 32.g3 Bf7 33.Rxe8 Bxe8 34.f4 h5 35.Re5 Bf7
36.Kf2 h4 37.Bc5 hxg3+ 38.hxg3 Kc6 39.Re7 Be6 40.Bd4 b6 41.a4 Bf5 42.Bxg7 Bc2
43.Be5 Bxa4 44.f5 Rg5 45.f6 d4 46.Bxd4 Bb3 47.Kf3 Rf5+ 48.Kg4 Rf1 49.Kg5 a5
50.bxa5 bxa5 51.Ra7 a4 52.Kg6 Kb5 53.g4 Bc2+ 54.Kg7  1-0

[Event "Bled op"]
[Site "Bled"]
[Date "1995.??.??"]
[Round "5"]
[White "Markun, Bostjan"]
[Black "Sale, Srdjan"]
[Result "1-0"]
[WhiteElo "2270"]
[BlackElo "2390"]

1.e4 c5 2.c3 Nf6 3.e5 Nd5 4.d4 cxd4 5.Nf3 Nc6 6.Bc4 e6 7.cxd4 d6 8.O-O Be7
9.Qe2 O-O 10.Nc3 Nxc3 11.bxc3 b6 12.Bd3 Bb7 13.Qe4 g6 14.Bh6 Re8 15.Qe3 dxe5
16.dxe5 Qd5 17.Rad1 Qc5 18.Qf4 Qxc3 19.Be4 f5 20.Rc1 Qxc1 21.Rxc1 fxe4 22.Ng5 Bxg5
23.Bxg5 Rac8 24.Rd1 Rc7 25.Qxe4 Ne7 26.Qg4 Nd5 27.h4 h5 28.Qe4 Kh7 29.Qd3 Rec8
30.Qa3 Rf7 31.f3 Nc3 32.Rd3 Nd5 33.Kh2 a6 34.Bf6 b5 35.g4 b4 36.Qb3 hxg4
37.fxg4 a5 38.h5 Nf4  1-0

[Event "Bled op-B"]
[Site "Bled"]
[Date "1995.??.??"]
[Round "6"]
[White "Piber, Vinko"]
[Black "Daels, Marc"]
[Result "0-1"]
[WhiteElo "2030"]
[BlackElo "2280"]

1.e4 c5 2.c3 Nf6 3.e5 Nd5 4.d4 cxd4 5.Nf3 Nc6 6.cxd4 d6 7.Bc4 Nb6 8.Bb3 d5
9.Bg5 Bg4 10.Nc3 Qd7 11.Be3 e6 12.O-O Be7 13.Rc1 Rc8 14.Na4 Nxa4 15.Bxa4 O-O
16.Bc2 Rc7 17.h3 Bh5 18.g4 Bg6 19.Bxg6 fxg6 20.Kg2 Rfc8 21.a3 Na5 22.Rxc7 Rxc7
23.Qd3 Qa4 24.b4 Nc4 25.Nd2 Qxa3 26.Nb3 Qxb4 27.Rb1 Na3 28.Rc1 Rxc1 29.Bxc1 Nc4
30.f4 a5 31.Bd2 Nxd2 32.Nxd2 Qb2 33.Kg3 Qa3 34.Nb3 a4 35.Nc1 b5 36.Qxa3 Bxa3
37.Nd3 Kf7 38.Kf2 Ke7 39.Ke2 Kd7 40.Kd2 Be7 41.Kc3 Kc6  0-1

[Event "Bled op"]
[Site "Bled"]
[Date "1995.??.??"]
[Round "7"]
[White "Praznik, Anton"]
[Black "Schumi, Manfred"]
[Result "1-0"]
[WhiteElo "2265"]
[BlackElo "2215"]

1.e4 c5 2.c3 Nf6 3.e5 Nd5 4.d4 cxd4 5.Nf3 e6 6.cxd4 b6 7.Nc3 Nxc3 8.bxc3 Qc7
9.Bd2 d6 10.Bd3 Nd7 11.Ng5 Bb7 12.O-O dxe5 13.Qh5 Nf6 14.Bb5+ Bc6 15.Bxc6+  1-0

[Event "Bled op"]
[Site "Bled"]
[Date "1995.??.??"]
[Round "8"]
[White "Markun, Bostjan"]
[Black "Polajzer, Danilo"]
[Result "1/2-1/2"]
[WhiteElo "2270"]
[BlackElo "2430"]

1.e4 c5 2.c3 Nf6 3.e5 Nd5 4.d4 cxd4 5.Nf3 e6 6.cxd4 d6 7.Bc4 Be7 8.O-O O-O
9.Qe2 Bd7 10.Bd2 Bc6 11.Nc3 Nxc3 12.Bxc3 Nd7 13.exd6 Bxd6 14.Ne5 Nb6 15.Nxc6 bxc6
16.Ba6 Nd5 17.g3 Rb8 18.Rac1 Qb6 19.b3 Ba3 20.Rc2 Rfd8 21.Bd2 Rd7 22.Qc4 Bb4
23.Be3 Bf8 24.Bd2 Bb4 25.Be3 Rd6 26.Qe2 Bc3 27.Rd1 Bb4 28.Bd3 g6 29.Rdc1 Ba3
30.Rd1 Rd7 31.Be4 Rdd8 32.Bg5 Rdc8 33.Qf3 a5 34.h4 Bf8 35.h5 Bg7 36.hxg6 hxg6
37.Kg2 Qa7 38.Rh1 Qd7 39.Bh6 Rb4 40.Bxg7 Kxg7 41.Bxd5 Qxd5 42.Qxd5  1/2-1/2

[Event "RUS-sf"]
[Site "Briansk"]
[Date "1995.??.??"]
[Round "3"]
[White "Kulikov, V."]
[Black "Dukhov, Alexander"]
[Result "1/2-1/2"]
[WhiteElo "2305"]
[BlackElo "2340"]

1.e4 c5 2.c3 Nf6 3.e5 Nd5 4.d4 cxd4 5.Nf3 e6 6.cxd4 b6 7.Nc3 Nxc3 8.bxc3 Qc7
9.Bd2 Bb7 10.Bd3 d6 11.O-O Nd7 12.Re1 dxe5 13.Nxe5 Nxe5 14.Rxe5 Bd6 15.Rh5 g6
16.Rh3 O-O 17.Qg4 f5 18.Qh4 Rf7 19.c4 Be7 20.Bg5 Rd8 21.Re1 Bxg5 22.Qxg5 Rxd4
23.Rxe6 Qd7 24.Qe3 Be4 25.Bf1 Rd1 26.Re5 Ra1 27.Qc3 Rd1 28.Re3 Qd4 29.Qxd4 Rxd4
30.c5 bxc5 31.Rxc5 Rd1 32.f3 Bb7 33.Kf2 Rfd7  1/2-1/2

[Event "RUS-sf"]
[Site "Briansk"]
[Date "1995.??.??"]
[Round "4"]
[White "Kozhevin, Sergey"]
[Black "Vasilchenko, Oleg"]
[Result "1/2-1/2"]
[WhiteElo "2320"]
[BlackElo "2450"]

1.e4 c5 2.c3 Nf6 3.e5 Nd5 4.d4 cxd4 5.Qxd4 e6 6.Nf3 Be7 7.Bd3 d6 8.Nbd2 Nc6
9.Qg4 O-O 10.Qe4 g6 11.exd6 Bxd6 12.Nc4 f5 13.Qe2 Nf4 14.Bxf4 Bxf4 15.g3 Bh6
16.O-O b5 17.Nce5 Nxe5 18.Nxe5 a6 19.Rad1 Qb6 20.Bc2 Bg7 21.Bb3 Ra7 22.Rd2 Qc5
23.Re1 Re7 24.Nd3 Qb6 25.Nf4 Bf6 26.Red1 Rfe8 27.Rd6 Qc5 28.Rd8 Kg7 29.R1d6 e5
30.Nd5 Rxd8 31.Rxd8 Rd7 32.Re8 e4 33.Qd2 Rd8 34.Rxd8 Bxd8 35.Nf4  1/2-1/2

[Event "RUS-sf"]
[Site "Briansk"]
[Date "1995.??.??"]
[Round "6"]
[White "Kozhevin, Sergey"]
[Black "Mololkin, Andrey"]
[Result "1/2-1/2"]
[WhiteElo "2320"]
[BlackElo "2430"]

1.e4 c5 2.c3 Nf6 3.e5 Nd5 4.d4 cxd4 5.Qxd4 e6 6.Nf3 Nc6 7.Qe4 f5 8.Qe2 Qc7
9.g3 d6 10.Bf4 Nxf4 11.gxf4 dxe5 12.Nxe5 Nxe5 13.fxe5 Bd7 14.Bg2 Bc6 15.Bxc6+ Qxc6
16.O-O O-O-O 17.Nd2 Bc5 18.Nb3 Rd7 19.Rfd1 Rhd8 20.Rxd7 Rxd7 21.Rd1 Bb6 22.Rxd7 Qxd7
23.Nd4 Bxd4 24.Qc4+ Kd8 25.cxd4 Ke8 26.a4 Kd8 27.a5 Qc8 28.Qb4 Ke8 29.Qd6 a6
30.d5 Qc1+ 31.Kg2 Qg5+ 32.Kf1 Qc1+ 33.Kg2 Qg5+ 34.Kf1  1/2-1/2